000
00319nam a2200121Ia 4500
008
191201s2014 xx 000 0 und d
100
_a
HENNESSY,John L
245
0
_a
Computer Architecture: A Quantitative Approach
260
_a
N. Delhi
_b
Elsevier
_c
2014
300
_a
493+misc
650
_a
M.Tech(CSE)
942
_2
ddc
_c
BK
999
_c
6228
_d
6228